Política económica nacional : (Registro nro. 8637)

Detalles MARC
000 -LEADER
fixed length control field 01934nam a2200265Ia 4500
003 - CONTROL NUMBER IDENTIFIER
control field OSt
005 - DATE AND TIME OF LATEST TRANSACTION
control field 20211022141056.0
008 - FIXED-LENGTH DATA ELEMENTS--GENERAL INFORMATION
fixed length control field 210310s1972 mx ad fr 000 0dspa d
040 ## - CATALOGING SOURCE
Original cataloging agency CO-JMCR
Transcribing agency CO-JMCR
041 1# - LANGUAGE CODE
Language code of text/sound track or separate title spa
Language code of original eng
082 04 - DEWEY DECIMAL CLASSIFICATION NUMBER
Classification number 338.973 /
Item number T629p
Edition number 23
100 1# - MAIN ENTRY--PERSONAL NAME
Personal name Tobin, James,
9 (RLIN) 17849
Relator term autor
245 10 - TITLE STATEMENT
Title Política económica nacional :
Remainder of title (ensayos) /
Statement of responsibility, etc. James Tobin ; traducción de Guillermo Cárdenas
250 ## - EDITION STATEMENT
Edition statement Primera edición
260 ## - PUBLICATION, DISTRIBUTION, ETC.
Place of publication, distribution, etc. México :
Name of publisher, distributor, etc. Fondo de Cultura Económica,
Date of publication, distribution, etc. 1972
300 ## - PHYSICAL DESCRIPTION
Extent 222 páginas ;
Dimensions 21 cm.
490 0# - SERIES STATEMENT
Series statement Sección de Obras de Economía
500 ## - GENERAL NOTE
General note Incluye notas a pie de página y datos biográficos del autor.<br/>Título original: National economic policy
505 0# - FORMATTED CONTENTS NOTE
Formatted contents note El gobierno y la economía -- La política fiscal, el presupuesto y el crecimiento -- Política monetaria e inflación -- El sistema monetario internacional -- La economía académica en Washington
520 3# - SUMMARY, ETC.
Summary, etc. Escritos en lenguaje Ilano por uno de los más lúcidos economistas estadounidenses, estos ensayos abordan temas clave de la economía norteamericana, que han sido núcleo de controversias dentro de la política económica nacional desde el fin de la segunda Guerra Mundial: la frontera entre la industria privada y el Gobierno, la restricción monetaria y los controles directos, el problema de la liquidez internacional. Y todos los ensayos alcanzan su objetivo: ponen en tela de juicio la trayectoria de las políticas monetaria y fiscal hacia el logro del empleo pleno, la estabilidad de los precios y el crecimiento económico. Asimismo, el autor analiza con espíritu crítico los recientes problemas de la balanza de pagos norteamericana, la posición del dólar y su futuro como moneda internacional.
546 ## - LANGUAGE NOTE
Language note Traducido del inglés.
650 14 - SUBJECT ADDED ENTRY--TOPICAL TERM
Topical term or geographic name entry element Política económica
9 (RLIN) 17851
Geographic subdivision Estados Unidos
700 1# - ADDED ENTRY--PERSONAL NAME
Personal name Cárdenas, Guillermo,
Relator term traducción
9 (RLIN) 41263
942 ## - ADDED ENTRY ELEMENTS (KOHA)
Source of classification or shelving scheme Dewey Decimal Classification
Koha item type Books
Existencias
Withdrawn status Lost status Source of classification or shelving scheme Damaged status Not for loan Collection code Home library Current library Date acquired Source of acquisition Full call number Barcode Date last seen Copy number Koha item type
    Dewey Decimal Classification     Non-fiction Biblioteca Pública José María del Castillo y Rada Biblioteca Pública José María del Castillo y Rada 04/15/2018 Donación 338.973 / T629p 201811714 05/16/2024 Ej.1 Books